LEADER 02423cam0-22005651i-450- 001 990000211780403321 005 20101215180701.0 035 $a000021178 035 $aFED01000021178 035 $a(Aleph)000021178FED01 035 $a000021178 100 $a20020821g19531960km-y0itay50------ba 101 0 $ager 102 $aDE 200 1 $aHandbuch der Werkstoffprüfung$fhrsg. unter besonderer Mitwirkung der Staatlichen Materialprüfungsanstalten Deutschlands, der zuständigen Forschunganstalten der Hochschulen der Max-Planck-Gesellschaft und der Industrie von Erich Siebel 205 $a2. verbesserte Aufl. 210 $aBerlin$cSpringer Verlag$d1953-1960 215 $a5 v.$cill.$d25 cm 307 $a1.: XVI, 890 p. ; 2.: XV, 754 p. ; 3.: XXXI, 1026 p. ; 5.: XXX, 1440 p. 327 0 $a1.: Prüf- und Messeinrichtungen / bearb. von E. Amedick et al., hrsg. von E. Siebel und N. Ludwig. - 1958$a2.: Die Prüfung der metallischen Werkstoffe / bearb. von K. Bungardt ... [et al.], hrsg. von E. Siebel unter Mitwirkung von N. Ludwig. - 1955$a3.: Die Prüfung nichtmetallischer Baustoffe / bearb. von K. Alberti ... [et al.], hrsg. von O. Graff. - 1957$a5.: Die Prüfung der Textillen / bearb. von G. Becker ... [et al.] hrsg. von H. Sommer unter Mitwirkung von H. Sommer unter Mitwirkung von F. Winkler. - 1960 610 0 $aTecnica della sperimentazione su materiali e strutture 610 0 $aFotoelasticità 610 0 $aCalcolo delle probabilità e applicazioni 610 0 $aMateriali$aProve 610 0 $aMateriali metallici$aProve 610 0 $aMateriali da costruzione$aProve 676 $a620.110 287 676 $a620.130 287 676 $a620.160 287 702 1$aLudwig,$bN. 702 1$aGraf,$bOtto$f<1881-1956> 702 1$aSiebel,$bErich 801 0$aIT$bUNINA$gRICA$2UNIMARC 901 $aBK 912 $a990000211780403321 952 $a07 E-2/A$fDINSC 952 $a07 E-2/B$fDINSC 952 $a23 20 A 06$b23194$fFINAG 952 $a23 20 A 07$b23917$fFINAG 952 $a23 20 A 08$b21416$fFINAG 952 $a23 20 A 09$b22611$fFINAG 952 $a04 189-6/3$bOPV ELETTR.$fDINCH 952 $a04 189-6/5$bOPV ELETTR.$fDINCH 952 $a04 189-6/1$bOPV ELETTR.$fDINCH 952 $a04 189-6/2$bOPV ELETTR.$fDINCH 959 $aDINSC 959 $aFINAG 959 $aDINCH 996 $aHandbuch der Werkstoffprüfung$9123327 997 $aUNINA LEADER 03002nam 2200589Ia 450 001 9910455215003321 005 20200520144314.0 010 $a1-84755-944-1 035 $a(CKB)1000000000791483 035 $a(EBL)1185521 035 $a(SSID)ssj0000379349 035 $a(PQKBManifestationID)11286120 035 $a(PQKBTitleCode)TC0000379349 035 $a(PQKBWorkID)10365637 035 $a(PQKB)11013756 035 $a(MiAaPQ)EBC1185521 035 $a(PPN)19847492X 035 $a(Au-PeEL)EBL1185521 035 $a(CaPaEBR)ebr10618802 035 $a(OCoLC)843641270 035 $a(EXLCZ)991000000000791483 100 $a20030121d2002 uy 0 101 0 $aeng 135 $aur|n|---||||| 181 $ctxt 182 $cc 183 $acr 200 00$aFood allergy and intolerance$b[electronic resource] $ecurrent issues and concerns /$fedited by Victoria Emerton 210 $aCambridge [England] $cRoyal Society of Chemistry$d2002 215 $a1 online resource (202 p.) 225 1 $aSpecial publication ;$vno. 285 300 $aThis book contains [the papers of] the lectues that were given at the conference ... held in London at the end of 2001."--Pref. 311 $a0-85404-881-2 320 $aIncludes bibliographical references and index. 327 $aBK9780854048816-FX001; BK9780854048816-FP001; BK9780854048816-FP003; BK9780854048816-FP009; BK9780854048816-FP017; BK9780854048816-00001; BK9780854048816-00014; BK9780854048816-00026; BK9780854048816-00039; BK9780854048816-00051; BK9780854048816-00064; BK9780854048816-00073; BK9780854048816-00081; BK9780854048816-00093; BK9780854048816-00102; BK9780854048816-00114; BK9780854048816-00127; BK9780854048816-00136; BK9780854048816-00143; BK9780854048816-00150; BK9780854048816-00162; BK9780854048816-00174; BK9780854048816-00178 330 $aThe prevalence of food allergy is increasing and consumers are now more aware of allergy and intolerance than ever, with retailers launching special ranges of foods suitable for people with particular allergies, and allergy featuring regularly in the media. Bringing together contributions from leading experts in food allergy, this book covers the latest developments in the field of food allergy and intolerance, including the major allergens nuts, milk, soya, seafood, and sesame, and foods to which intolerance is common - gluten, lactose and food additives. Technical aspects of allergens are co 410 0$aSpecial publication (Royal Society of Chemistry (Great Britain)) ;$vno. 285. 606 $aFood allergy$vCongresses 606 $aFood$xToxicology$vCongresses 608 $aElectronic books. 615 0$aFood allergy 615 0$aFood$xToxicology 676 $a616.97/5 676 $a616.975 701 $aEmerton$b Victoria$0309307 801 0$bMiAaPQ 801 1$bMiAaPQ 801 2$bMiAaPQ 906 $aBOOK 912 $a9910455215003321 996 $aFood allergy and intolerance$92093391 997 $aUNINA